Sąsiedzi sąsiadów Szwajcarii - Statystyki

Ogólne statystyki
  • Ten quiz został rozwiązany 21 razy
  • Średni wynik to 12 z 14
Statystyki odpowiedzi
Państwo % Poprawnych
Węgry
100%
Polska
95%
Czechy
90%
Hiszpania
90%
Dania
86%
Holandia
86%
Słowacja
86%
Słowenia
86%
Andora
81%
Belgia
81%
Luksemburg
81%
San Marino
81%
Watykan
81%
Monako
67%
Nie znaleziono quizów pasujących do podanych kryteriów
Rozkład punktacji
Procent ludzi z każdym wynikiem
Percentyl według liczby udzielonych odpowiedzi
Twoja historia wyników
Nie rozwiązałeś tego quizu